000 00439nam a2200181Ia 4500
001 13849
005 20260306164831.0
008 260306t2008||||xx |||||||||||||| ||spa||
041 _aESP
082 _a005.369AI
_bM17
100 _aMaivald, James J.
_eAUT
245 0 _aAdobe InDesign con XML para diseƱadores
260 _c2008
300 _a319 pƔginas :
_c24 cm.
650 _aGEN
654 _aCCC
942 _cLIB
_dJUS
_fJUS
_2ddc
_n
999 _c13849
_d13849